000 00215nam a22000857a 4500
008 170125b xxu||||| |||| 00| 0 eng d
100 _92563
_aSinghal.J.P.
245 _aMap Social Science-VI
260 _aNew Delhi
_bAI
_c2010
999 _c5670
_d5670